书目信息 |
| 题名: |
1039健康手册
|
|
| 作者: | 韩小红 主编 | |
| 分册: | ||
| 出版信息: | 北京 中国轻工业出版社 2004.12 |
|
| 页数: | 320页 | |
| 开本: | 19cm | |
| 丛书名: | ||
| 单 册: | ||
| 中图分类: | K99 , R161-62 | |
| 科图分类: | ||
| 主题词: | 个人卫生 | |
| 电子资源: | ||
| ISBN: | 7-5019-4680-9 | |
| 000 | 00604nam0 2200217 450 | |
| 001 | 0733339362 | |
| 005 | 20071226202350.18 | |
| 010 | @a7-5019-4680-9@dCNY39.00 | |
| 100 | @a20071118d2004 km y0chiy0120 ea | |
| 101 | 0 | @achi |
| 102 | @aCN@b110000 | |
| 200 | 1 | @a1039健康手册@A1039 jian kang shou ce@f韩小红主编@Fhan xiao hong zhu bian |
| 210 | @a北京@c中国轻工业出版社@d2004.12 | |
| 215 | @a320页@d19cm | |
| 606 | 0 | @a个人卫生 |
| 690 | @aK99@v4 | |
| 690 | @aR161-62@v3 | |
| 701 | 0 | @a韩小红@Ahan xiao hong@4主编 |
| 801 | 0 | @aCN@bNISOFT@c20071226 |
| 905 | @aBZT@dR161-62@e13 | |
| 906 | @dCNY39.00@n0@r1 | |
| 1039健康手册/韩小红主编.-北京:中国轻工业出版社,2004.12 |
| 320页;19cm |
| ISBN 7-5019-4680-9:CNY39.00 |
| ● |
| 相关链接 |
|
|
|
正题名:1039健康手册
索取号:R161-62/13
 
预约/预借
| 序号 | 登录号 | 条形码 | 馆藏地/架位号 | 状态 | 备注 |
| 1 | 599585 | 2000599585 | 中心书库中库/ 中库001架B面5列6层38/ [索取号:R161-62/13] | 在馆 | |
| 2 | 599586 | 2000599586 | 中心书库中库/ 中库001架B面5列6层40/ [索取号:R161-62/13] | 在馆 | |
| 3 | 599587 | 2000599587 | 中心书库中库/ 中库001架B面5列6层42/ [索取号:R161-62/13] | 在馆 | |
| 4 | 599588 | 2000599588 | 中心书库中库/ 中库001架B面5列6层37/ [索取号:R161-62/13] | 在馆 | |
| 5 | 599589 | 2000599589 | 中心书库中库/ 中库001架B面5列6层36/ [索取号:R161-62/13] | 在馆 | |
| 6 | 599590 | 2000599590 | 中心书库中库/ 中库001架B面5列2层6/ [索取号:R161-62/13] | 在馆 | |
| 7 | 599591 | 2000599591 | 中心书库中库/ 中库001架B面5列6层39/ [索取号:R161-62/13] | 在馆 | |
| 8 | 599592 | 2000599592 | 中心书库中库/ 中库001架B面5列6层41/ [索取号:R161-62/13] | 在馆 |